| 000 | 00677nam a2200265Ia 4500 | ||
|---|---|---|---|
| 005 | 20250425160649.0 | ||
| 008 | 250425s9999 xx 000 0 und d | ||
| 020 | _a9687529393 | ||
| 041 | _aspa | ||
| 082 | _a620.1 | ||
| 100 | _aGERE, JAMES M. | ||
| 245 | 0 | _aMECANICA DE MATERIALES | |
| 250 | _a4A ED. | ||
| 260 | _aMEXICO | ||
| 260 |
_aMéxico _bINTERNATIONAL THOMSON EDITORES _c1998 |
||
| 300 | _a912 | ||
| 500 | _aTítulo Traducido: MECHANICS OF MATERIALS | ||
| 650 | _aESFUERZO Y TENSION-MECANICA | ||
| 650 | _aMECANICA DE MATERIALES | ||
| 650 | _aTORSION | ||
| 650 | _aVIGAS | ||
| 700 |
_aJOSE DE LA CERA _etraductor |
||
| 942 | _c01 | ||
| 010 | _a1702 | ||
| 999 |
_c193664 _d193664 |
||